000 00430nam a2200181Ia 4500
001 7803
005 20260306160522.0
008 260306t2012||||xx |||||||||||||| ||spa||
041 _aESP
082 _a362.29
_bM86
100 _aMoreno, Kena
_eAUT
245 0 _aDrogas:
_blas 100 preguntas más frecuentes
260 _c2012
300 _a183 páginas :
_c23 cm.
650 _aGEN
654 _aCPS
942 _cLIB
_dJUS
_fJUS
_2ddc
_n
999 _c7803
_d7803